[Event "Pamplona"]
[Site "Pamplona"]
[Date "1999.12.27"]
[Round "1"]
[White "Timman, Jan H"]
[Black "Lautier, Joel"]
[Result "1/2-1/2"]
[WhiteElo "2650"]
[BlackElo "2638"]
[Annotator "Gershon,A"]
[PlyCount "59"]
[EventDate "1999.12.27"]
[EventType "tourn"]
[EventRounds "9"]
[EventCountry "ESP"]
[EventCategory "15"]
[SourceTitle "CBM 075"]
[Source "ChessBase"]
[SourceDate "2000.04.05"]
[SourceVersion "1"]
[SourceVersionDate "2000.04.05"]
[SourceQuality "1"]

1. e4 c5 2. Nf3 Nc6 3. Bb5 g6 4. O-O Bg7 5. Re1 Nf6 6. e5 Nd5 7. Nc3 Nc7 8.
Bxc6 dxc6 9. Ne4 Ne6 10. d3 O-O 11. Be3 b6 12. Qd2 f6 (12... Re8 13. Bh6 Bh8
14. c3 Ba6 15. Rad1 Qd7 16. b3 Rad8 17. c4 Bc8 18. h3 Qc7 19. Ng3 Nd4 20. Nxd4
Rxd4 21. Qe3 a5 22. f4 Bg7 23. Bxg7 Kxg7 24. Ne2 Rdd8 25. Rf1 f6 $11 {1/2-1/2
Breyther,R-Tseitlin,M/Budapest 1996/CBM 52 ext (44)}) 13. exf6 exf6 14. Bh6 a5
(14... Qd5 15. Bxg7 Kxg7 16. a4 a5 17. Rad1 Ba6 18. d4 Rad8 19. dxc5 Qxd2 20.
Rxd2 Rxd2 21. Nfxd2 {1/2-1/2 Peng Xiaomin-Bu Xiangzhi/Qingdao 1999/CBM 74 no
vc (21)}) 15. Bxg7 Kxg7 {This is quite a drawish variation white has chosen,
while he's not risking to lose the risk for a win is not too high either.} 16.
Ng3 (16. Re2 Ra7 17. Rae1 Raf7 18. h4 h5 19. b3 Qc7 20. Ng3 Nd4 21. Nxd4 cxd4
22. c3 Rd8 23. Re4 dxc3 24. Qxc3 c5 25. Ne2 Bf5 26. Nf4 Qd7 27. Ne6+ Bxe6 28.
Rxe6 Qxd3 29. Qxd3 {1/2-1/2 Kramnik,V-Kasparov,G/Moscow 1996/CBM 52 ext (29)})
(16. a3 a4 17. Re2 Ra7 18. Rae1 g5 $6 19. Ng3 Nf4 20. Re4 Kg8 21. h4 $1 h6 22.
Rxf4 $1 gxf4 23. Qxf4 Re7 24. Rf1 Qc7 25. Qxh6 Rh7 26. Qg6+ Rg7 27. Qe4 $16 {
1/2-1/2 Karasev,V-Vasiukov,E/St Petersburg 1996/CBM 52 (60)}) (16. Qc3 Ra7 17.
Rad1 Re8 18. Re3 Nd4 19. Rde1 Nb5 20. Qd2 Rae7 21. h3 Nc7 22. Ng3 Rxe3 23. fxe3
Be6 24. e4 Bf7 25. b3 Ne6 26. Ne2 Nd4 27. Nexd4 cxd4 28. Qf4 c5 29. e5 fxe5 30.
Nxe5 Bd5 {1/2-1/2 Alavkin,A-Poluljahov,A/Krasnodar 1996/EXT 2000 (30)}) 16...
Ra7 17. Re4 (17. h4 h5 18. Re4 Nd4 19. Nxd4 cxd4 20. Qf4 c5 21. Rae1 {The
moves h4 -h5 don't make much diffference.}) 17... Nd4 18. Nxd4 cxd4 19. Qf4 (
19. Rh4 Re8 20. Qh6+ Kg8 $15 {white pieces are a bit stuck on the king side
which makes the position even slightly preferrable for black.}) 19... c5 20.
Rae1 Raf7 21. h4 Qc7 (21... h5) 22. Qxc7 (22. Qd2 $5 f5 (22... Bb7 23. R4e2 Qc6
24. f4 $36) 23. Re8 (23. Re5 f4 24. Nf1 f3 25. g3 Qd7 $19) (23. Rf4 Re7 $15)
23... f4 24. Rxf8 Rxf8 25. Ne4 f3 26. g3 Qd7 27. Ng5 Kh8 (27... Rf6 28. Re5 $16
) 28. Re6 Qc7 (28... h6 $4 29. Rxg6 Qf5 30. Rxh6+ $18) 29. Re4 $14) 22... Rxc7
{Now there are no real winning chances left for either side} 23. R4e2 (23. Re7+
Rxe7 24. Rxe7+ Rf7 25. Re8 Rc7 $11 {[%cal Gg7f7]}) 23... Kf7 24. a4 Bb7 25. b3
Rd8 26. Nf1 Rdd7 {[%cal Gd7e7]} 27. Re8 Rc8 28. R8e6 Rc6 29. Re8 Rc8 30. R8e6
1/2-1/2

[Event "RUS-ch 54th"]
[Site "Elista"]
[Date "2001.04.30"]
[Round "1"]
[White "Chebotarev, Oleg"]
[Black "Iljushin, Alexei"]
[Result "1-0"]
[WhiteElo "2306"]
[BlackElo "2536"]
[Annotator "Gershon,A"]
[PlyCount "51"]
[EventDate "2001.04.29"]
[EventType "swiss"]
[EventRounds "9"]
[EventCountry "RUS"]
[SourceTitle "CBM 083"]
[Source "ChessBase"]
[SourceDate "2001.07.05"]
[SourceVersion "1"]
[SourceVersionDate "2001.07.05"]
[SourceQuality "1"]

1. e4 c5 2. Nf3 Nc6 3. Bb5 g6 4. O-O Bg7 5. Bxc6 bxc6 6. d3 ({the main line
here is Re1} 6. Re1) 6... d6 (6... f6 7. c3 Nh6 8. d4 cxd4 9. cxd4 Nf7 10. Nc3
e5 11. dxe5 fxe5 12. Be3 O-O 13. Qd2 h6 14. b4 Bb7 15. Rfd1 d5 16. Bc5 Re8 17.
Qc2 d4 18. Ne2 Kh7 19. Rab1 Bc8 20. Nc1 h5 21. Rd3 g5 22. Ra3 a6 23. Nd2 g4 24.
Nc4 $16 {1-0 Karpov,A-Kallai,G/FRA 1993/TD (43)}) (6... d5 7. Re1 Nf6 8. e5 Nd7
9. Nc3 O-O 10. Bf4 Nb6 11. h3 Be6 12. Qd2 Qd7 13. Bh6 Rfe8 14. Bxg7 Kxg7 15.
Ne2 a5 16. Nf4 Qb7 17. Ng5 $40 {1-0 Ivanov,S-Beznosikov,V/Yaroslavl 1995/CBM
49 ext (21)}) (6... e5 7. Be3 d6 8. Nc3 Nf6 9. a3 a5 10. Na4 O-O 11. h3 Rb8 12.
Nd2 Nh5 13. Rb1 Be6 14. b3 Nf4 15. Nc4 f5 16. Bxf4 exf4 17. Qf3 fxe4 18. dxe4
Qc7 $11 {1-0 Hamdouchi,H-Pierrot,F/Ubeda 1999/CBM 68 ext (45)}) 7. c3 (7. Nc3
e5 8. Ne1 Ne7 9. f4 exf4 (9... f6 10. fxe5 fxe5 11. Be3 Rf8 12. Nf3 h6 13. Qd2
Ng8 14. Rf2 $16 {1-0 Staudner,O-Jukic,B/Bled 1999/CBM 69 ext (32)}) 10. Bxf4
O-O 11. Qd2 c4 12. d4 c5 13. dxc5 dxc5 14. Qxd8 Rxd8 15. Nf3 Bb7 16. Ne5 Rd4
17. Rae1 $13 {1-0 Sandipan,C-Filippov,V/Dubai UAE 2001/The Week in Chess 338 
(57)}) (7. h3 e5 8. Be3 Ne7 9. Nbd2 O-O 10. a3 f5 11. Nc4 Qc7 12. Re1 h6 13.
Bd2 Be6 14. Ba5 Qd7 15. Qe2 Rf7 16. Rad1 Raf8 17. b4 Bxc4 18. dxc4 fxe4 19.
Qxe4 Rxf3 20. gxf3 Rf4 $19 {0-1 Shabalov,A-Sevillano,E/Portsmouth 2000/EXT
2001 (23)}) 7... Nf6 8. Re1 O-O 9. d4 {White has played d4 in two moves
instead of one which cannot be too good for him} cxd4 10. cxd4 Bg4 {With the
text black avoids trading pieces, thus trying to keep the pressure on the board
} (10... Qb6 $5) (10... d5 $142 11. e5 Ne4 12. Nbd2 c5 13. Nxe4 dxe4 14. Rxe4
Bb7 15. Re1 Bxf3 16. Qxf3 cxd4 $11) 11. Nbd2 d5 12. e5 Nd7 13. h3 Bf5 (13...
Bxf3 14. Qxf3 a5 $14) 14. Nb3 a5 15. g4 (15. Nc5 Nxc5 16. dxc5 Qc7 {[%csl Re5]
[%cal Gf5e4]} 17. Bf4 $11) 15... Be6 16. Nc5 (16. Qc2 a4 17. Nc5 Nxc5 18. Qxc5
Qd7 $40) 16... Nxc5 17. dxc5 Qc7 (17... h5 $2 18. Ng5 (18. gxh5 $6 Bxh3 19. Ng5
Bf5 {[%csl Rg1]}) 18... Qd7 (18... hxg4 19. Nxe6 fxe6 20. Qxg4 $16) 19. gxh5
Bxh3 20. hxg6 {[%cal Gd1h5]} Bg4 21. gxf7+ Rxf7 22. e6 $18) 18. Qd2 Rab8 19. a3
Qd7 20. Kh2 f6 (20... h5 $5 21. gxh5 Bxh3 22. Ng1 Bf5 23. h6 Bh8 24. b4 axb4
25. axb4 f6 $36) 21. b4 axb4 22. axb4 f5 $6 {I don't like this move, since it
limits black's B's vert much.} (22... fxe5 23. Nxe5 Qc7 24. f4 (24. Bb2 d4 $1
25. Qxd4 Rbd8 26. Qe3 Bh6 $1 27. Qxh6 $8 Rxf2+ 28. Kg1 Rxb2 $40 {with a deadly
attack!}) 24... g5 25. Ra6 (25. Qd4 gxf4 26. Bxf4 Qb7 27. Ra4 Ra8 $13) 25...
Bd7 26. Qd4 gxf4 27. Bxf4 Be8 $13) 23. g5 f4 24. h4 Bg4 25. Ng1 Bh5 26. f3 {
I suspect that the correct score should be a draw rather than white's win,
since his position is by no means better! (Of course, it could be a win on
time)} 1-0

[Event "Dubai op"]
[Site "Dubai"]
[Date "2001.04.19"]
[Round "5"]
[White "Odeev, Handszar"]
[Black "Al Sayed, Mohammed"]
[Result "1-0"]
[WhiteElo "2471"]
[BlackElo "2304"]
[Annotator "Gershon,A"]
[PlyCount "101"]
[EventDate "2001.04.15"]
[EventType "swiss"]
[EventRounds "9"]
[EventCountry "UAE"]
[SourceTitle "CBM 083"]
[Source "ChessBase"]
[SourceDate "2001.07.05"]
[SourceVersion "1"]
[SourceVersionDate "2001.07.05"]
[SourceQuality "1"]

{[%mdl 32768]} 1. e4 c5 2. Nf3 Nc6 3. Bb5 g6 4. O-O Bg7 5. Nc3 e5 6. Bxc6 (6.
d3 Nge7 7. Ne1 (7. Bg5 h6 (7... O-O 8. Qd2 d6 9. h3 Be6 10. Ba4 f6 11. Bh6 Rc8
12. Bb3 d5 13. Bxg7 Kxg7 14. exd5 Nxd5 $11 {0-1 Zhao Zong Yuan-Arutunian,D/
Yerevan 1999/CBM 72 ext (53)}) 8. Be3 d6 9. Nd2 O-O 10. Bc4 Kh7 11. f4 f5 12.
fxe5 $2 Nxe5 13. h3 Nxc4 14. Nxc4 b6 15. Bf4 fxe4 16. Bxd6 Rxf1+ 17. Qxf1 Nf5
18. Bf4 exd3 19. cxd3 Ba6 20. Qf3 Qd4+ 21. Kh1 Re8 $17 22. Rd1 Re7 23. Nd5 $2
Bb7 {0-1 Pavasovic,D-Kozul,Z/Portoroz 1999/CBM 72 (23)}) 7... O-O 8. f4 exf4 9.
Bxf4 d6 10. Nf3 Bg4 11. Qd2 Nd4 12. Nxd4 cxd4 13. Ne2 Rc8 14. Ba4 Nc6 15. Bb3
Qd7 16. Rf2 Be6 17. Bh6 Bxb3 18. axb3 d5 19. Bxg7 Kxg7 20. Nf4 dxe4 21. dxe4
Rce8 22. Re1 Qd6 23. h3 f6 $11 {1/2-1/2 Morozevich,A-Christiansen,L/New York
1995/CBM 47 ext (40)}) (6. a3 Nge7 7. b4 b6 8. Nd5 O-O 9. c4 f5 10. d3 f4 11.
bxc5 bxc5 12. Qa4 Nd4 13. Nxd4 exd4 14. Nxf4 a6 15. Nd5 Nxd5 16. cxd5 axb5 17.
Qxa8 Qb6 18. a4 Bb7 19. a5 Rxa8 {0-1 Miroshnichenko,E-Shalimov,V/Kharkov 2000/
EXT 2001 (19)}) 6... dxc6 7. d3 (7. a3 {I don't see why changing the doubled
'c5' pawn should be too good for white.} Bg4 8. h3 Bxf3 9. Qxf3 Nf6 $1 {
Lautier correctly assesses that the N is much more needed on d7 than e7.} 10.
b4 Nd7 11. Rb1 $6 (11. b5 $5 {[%csl Rd5]} cxb5 12. Nxb5 O-O 13. Nc3 $14) 11...
b5 $1 12. bxc5 a5 {After this move, white faces a big problem with a plan.} (
12... Nxc5 13. a4 {[%cal Gc1a3]} Nxa4 14. Nxa4 bxa4 15. Ba3 $40) 13. a4 (13.
Qe3 $2 Qe7 14. a4 b4 15. Ne2 Nxc5 16. c3 Nxa4 17. cxb4 axb4 18. Qb3 c5 $17) (
13. d3 Nxc5 14. Be3 Qe7 15. Ne2 Ne6 $15) 13... b4 14. Ne2 Nxc5 15. c3 Qd3 $1
$17 16. Bb2 (16. Qxd3 Nxd3 17. cxb4 axb4 18. Rb3 Rd8 $17 {[%cal Gc6c5]}) 16...
O-O 17. cxb4 (17. Rfc1 Qxf3 18. gxf3 Nd3 $17) 17... axb4 18. Rfc1 Rxa4 19. Qxd3
Nxd3 20. Rxc6 Ra2 21. Bc1 Rd8 {[%csl Rc1]} 22. Rb3 h5 23. g4 h4 24. Kg2 Bh6 25.
Rc7 Bxd2 26. Bxd2 Rxd2 27. Kf1 Ra8 {0-1 Fressinet,L-Lautier,J/Enghien les
Bains 2001/CBM 83_01/[Gershon] (27)} (27... Ra8 28. Rb1 Raa2 29. Rd7 Rxe2 30.
Rxd3 Rxf2+ 31. Kg1 Rg2+ 32. Kh1 Rh2+ 33. Kg1 Rag2+ 34. Kf1 Rb2 35. Rxb2 Rxb2
$19)) (7. h3 {Was worth considering, with the idea to keep black with a
problematic B}) 7... Ne7 (7... Qe7 8. a4 a5 9. Nd2 Be6 10. b3 Nf6 11. Nc4 Nd7
12. Be3 O-O 13. Qd2 Rfd8 14. Rab1 Ra6 15. Bg5 f6 16. Be3 Rb8 17. Ne2 b5 18.
axb5 cxb5 19. Nxa5 Qd8 20. b4 cxb4 21. Nb3 Rc8 22. d4 Ra2 $13 {1/2-1/2 Zhelnin,
V-Dobrov,V/St Petersburg 2000/EXT 2001 (73)}) 8. Be3 b6 9. Qd2 h6 $6 (9... O-O
10. Bh6 f6 {looks better to me. After the text black's monarch in
uncomfortable.}) 10. a3 $2 {Too slow} (10. Rae1 $1 f5 11. exf5 gxf5 12. Nh4 $1
$16 {[%cal Gf2f4]}) 10... f5 {[%csl Re8]} (10... Be6 11. b4 c4 (11... cxb4 12.
axb4 f5 13. exf5 gxf5 14. Rae1 $14 {[%cal Gf3h4,Gf2f4]}) 12. d4 $40) (10... Bg4
$5 11. Ne1 f5 12. h3 (12. f3 Bh5 13. b4 f4 14. Bf2 cxb4 15. axb4 O-O $11 {
[%csl Re1]}) 12... Bh5 13. f4 $1 {[%cal Gf4e5]} (13. exf5 gxf5 14. f4 e4 15.
dxe4 Qxd2 16. Bxd2 O-O-O 17. Be3 Bxc3 18. bxc3 fxe4 19. g4 Bf7 20. f5 Nd5 21.
Ng2 $44) 13... exf4 14. Bxf4 fxe4 15. Nxe4 O-O 16. g4 $16) 11. exf5 gxf5 12.
Rae1 $6 (12. Qe2 $142) 12... Qd6 $2 ({the straigh forward:} 12... f4 {seeems
to be winning for black} 13. Bxf4 (13. Bxc5 bxc5 14. Nxe5 O-O $19) (13. Nxe5
fxe3 14. Rxe3 O-O 15. Rfe1 Qc7 $17) 13... exf4 14. Qxf4 Rf8 15. Qc4 Rxf3 $1 16.
Qg8+ Bf8 17. gxf3 Bh3 18. Re5 Bxf1 19. Ne4 Kd7 20. Qg4+ Kc7 21. Kxf1 Nd5 $19)
13. Qe2 O-O $2 {Black makes to mistakes in a row, and his position becomes
lost!! This is a clear blunder} (13... Ba6 $5 {[%cal Ge5e4]} 14. Nh4 {[%cal
Ge2h5]} Qf6 {and black is by no means worse}) 14. Bf4 $1 exf4 (14... Ng6 15.
Bxe5 Nxe5 16. Nxe5 $16) 15. Qxe7 Qxe7 16. Rxe7 Rf7 17. Re8+ (17. Rfe1) 17...
Rf8 18. Re7 Rf7 19. Rfe1 Bd7 (19... Kf8 20. Re8#) (19... Bf6 20. R7e2 {- see
the game}) 20. R7e2 Rff8 21. Re7 Rf7 22. R7e2 Rff8 23. Ne5 $1 Be8 (23... Bxe5
24. Rxe5 Rfe8 25. Rxe8+ Rxe8 26. Rxe8+ Bxe8 27. f3 $1 $18 {[%csl Rf4][%cal
Gc3e2,Ge2f4] the B is helpless in this P structure}) 24. f3 {[%cal Gc3d1,Gd1f2,
Gf2h3] The N goes to 'h3' putting more pressure on the B's. Black's completely
lacking counterplay - any P movement will on;y make his position worse, and
give white N's more targets to attack} Rd8 25. Nd1 Bf6 (25... b5 26. Nf2 {
[%csl Rc5,Rc6][%cal Gc2c4]}) 26. Nf2 Bh4 27. Rf1 Rf6 (27... Bxf2+ {Makes no
sense since the light squared B is the weakest piece on the board, and cannot
be compared to the beast on 'e5'} 28. Kxf2 $18) 28. Nh3 Bg5 29. Rfe1 Bh4 30.
Ra1 Bg5 31. Kf2 Bh5 32. Rae1 Re6 (32... Bh4+ $2 33. g3 Bg5 (33... fxg3+ 34.
hxg3 Bg5 35. Rh1 $1 {[%csl Rh5][%cal Gh3g5]} Be8 (35... Rg6 36. Ng1 $1 $18) 36.
f4 $18) 34. Nxf4 Bxf4 35. gxf4 $18) (32... Rfd6 33. Nc4 Rg6 34. Nxg5 hxg5 35.
Re5 $16) 33. g3 fxg3+ 34. hxg3 Be8 35. Nxg5 hxg5 36. f4 {[%csl Rf5]} Bh5 37.
Rd2 gxf4 38. gxf4 {the difference between the light pieces is too big} Rd4 39.
Ke3 $18 {[%cal Gd2h2,Yh2h8,Ge1g1,Yg1g8]} Rd7 40. Rh2 Bg6 (40... Rh7 41. Rg1+
Bg4 42. Rxh7 Kxh7 43. Kf2 Bh5 44. Rg5 $18) 41. Rh6 Rg7 42. Rg1 Bf7 43. Rxg7+
Kxg7 44. Rxe6 Bxe6 45. Nxc6 {the rest needs no commentary} a6 46. b4 cxb4 47.
axb4 Kf6 48. c4 Bc8 49. d4 b5 50. cxb5 axb5 51. d5 1-0

[Event "St Petersburg zt"]
[Site "St Petersburg"]
[Date "1993.??.??"]
[Round "6"]
[White "Tseshkovsky, Vitaly"]
[Black "Yakovich, Yuri"]
[Result "1-0"]
[WhiteElo "2540"]
[BlackElo "2510"]
[Annotator "Glatman,V"]
[PlyCount "49"]
[EventDate "1993.01.??"]
[EventType "swiss"]
[EventRounds "9"]
[EventCountry "RUS"]
[SourceTitle "CBM 034"]
[Source "ChessBase"]
[SourceDate "1993.06.01"]
[SourceVersion "1"]
[SourceVersionDate "1993.06.01"]
[SourceQuality "1"]

1. e4 {Blatny,P} c5 2. Nf3 Nc6 3. Bb5 g6 (3... e6 $5 4. O-O Nge7 5. c3 d5 6.
exd5 Qxd5 7. Re1 Bd7 8. Na3 Ng6 9. Bf1 Be7 10. d4 cxd4 11. Nb5 O-O-O $5 $146
12. cxd4 e5 13. dxe5 Qxd1 14. Rxd1 Bg4 15. Rxd8+ Rxd8 16. Be3 $14 {Chekhov,
V-Sveshnikov,E/Podolsk/1992/}) 4. O-O (4. Bxc6 bxc6 (4... dxc6 5. h3 Bg7 6. d3
e5 7. Nc3 Qe7 8. Be3 {/\ Qd2, 0-0-0+/=}) 5. O-O Bg7 6. Re1 e5 7. c3 Ne7 8. d4
cxd4 9. cxd4 exd4 10. Nxd4 $14) 4... Bg7 5. Bxc6 (5. Re1 {Blatny,P} Nf6 6. e5
Nd5 7. Nc3 Nc7 8. Bxc6 dxc6 {/^c8-h3} 9. Ne4 b6 10. d3 O-O 11. h3 $14 {
Seret-Apicella, FRA-ch 1991}) (5. d3 {Blatny,P} e6 6. Bxc6 bxc6 7. c3 d5 8. e5
Qb6 9. d4 cxd4 10. cxd4 c5 11. dxc5 Qxc5 12. b3 $1 {/\Ba3 -> Barua-Antonio,
Cebu 1992}) (5. c3 {Blatny,P} Nf6 6. Re1 O-O 7. d4 (7. h3 e5 8. d4 cxd4 9. cxd4
exd4 10. e5 Nd5 11. Bg5 Qa5 12. Na3 a6 13. Bc4 Nb6 $2 14. Bb3 Nxe5 15. Nxe5
Bxe5 16. Bh6 {+- פb6,קf7 Anand-Salov, Paris 1991}) 7... cxd4 8. e5 Nd5 9.
cxd4 d6 10. Nc3 Nc7 11. exd6 Qxd6 12. Bg5 Be6 $13 {Glek-Lanka, Moskva 1991} 13.
Bxc6 bxc6 14. Qd2 Rfe8 15. Bf4 Qd8 16. Be5 Bd5 17. Bxg7 Kxg7) 5... dxc6 (5...
bxc6 6. Re1 Nh6 $5) 6. d3 e5 7. a4 a5 8. Be3 b6 $2 (8... Qe7 9. Na3 Nf6 10. Nc4
Nd7 {/\ b6, Rb8, Nf8-e6}) 9. Na3 f6 (9... Ne7 $5) 10. c3 Nh6 (10... Bg4 $5) 11.
d4 Ng4 (11... cxd4 12. cxd4 Qc7 (12... exd4 13. Nxd4 $16) (12... Nf7 13. dxe5
$16) 13. Rc1 $16) 12. Qb3 (12. dxc5 $6 {Blatny,P} Nxe3 13. Qxd8+ Kxd8 14. fxe3
bxc5 $15) 12... cxd4 13. cxd4 Nxe3 14. fxe3 exd4 15. Nxd4 (15. exd4 {Blatny,P}
Ke7 $5 {/\Be6}) 15... c5 16. Ndb5 Ke7 (16... Qe7 17. Nc4 $16 (17. Rad1 {
Blatny,P} Be6 18. Nc7+ $1 Qxc7 19. Qxe6+ Qe7 20. Qc6+ $18)) 17. Nc3 (17. Rad1 {
Blatny,P} Be6 $1 18. Qc3 Qb8) 17... Be6 18. Nd5+ Kf7 (18... Bxd5 $142 {Blatny,P
} 19. exd5 Re8 20. Rad1 Kf8 {+/-/+/=}) 19. Nc4 Re8 (19... Bxd5 {Blatny,P} 20.
exd5 Qxd5 $2 21. Rad1 Qe6 $8 22. Ne5+ Ke7 23. Rd7+ Qxd7 24. Qf7+ $18) 20. Rad1
Qb8 21. e5 $18 f5 (21... Bxd5 {Blatny,P} 22. Rxd5 Re6 (22... Kg8 23. exf6 $18)
23. Rd7+ {/\Nd6+-}) 22. Nd6+ Kg8 23. Nxe8 Qxe8 24. Qxb6 Bxe5 25. Qxc5 1-0

[Event "YUG-chT"]
[Site "Igalo"]
[Date "1994.??.??"]
[Round "8"]
[White "Bologan, Viktor"]
[Black "Damljanovic, Branko"]
[Result "0-1"]
[WhiteElo "2585"]
[BlackElo "2560"]
[Annotator "Glatman,V"]
[PlyCount "79"]
[EventDate "1994.??.??"]
[EventType "team"]
[EventRounds "9"]
[EventCountry "YUG"]
[SourceTitle "EXT 2000"]
[Source "ChessBase"]
[SourceDate "1999.11.16"]
[SourceVersion "1"]
[SourceVersionDate "1999.11.16"]
[SourceQuality "1"]

1. e4 c5 2. Nf3 Nc6 3. Bb5 g6 4. Bxc6 dxc6 5. h3 Bg7 6. d3 Nf6 (6... e5 $5 7.
Bg5 (7. Be3 Qe7 8. Nbd2 f6 (8... Nf6 $5) 9. a4 Be6 10. O-O Nh6 11. c3 O-O 12.
d4 $14 {Zagrebelny,S-Ikonnikov,V/URS/1991/}) (7. Qe2 Qe7 8. Bg5 f6 9. Be3 Nh6
10. Nbd2 Nf7 $10 {Landa,K-Goldin,A/St-Peterburg/1993/}) 7... Qc7 8. O-O Nf6 9.
a4 O-O $10 {Matros,A-Gagarin,V/Moscow/1994/ Inf 60/161/}) 7. Nc3 Nd7 (7... O-O
8. Be3 b6 9. Qd2 Ne8 10. O-O-O Nc7 11. Bh6 Ne6 12. h4 $14 {Bologan,V-Kharlov,A/
URS/1991/}) 8. Be3 e5 9. Qd2 Qe7 10. Bh6 Bxh6 $5 $10 (10... f6 11. Bxg7 Qxg7
12. Qe3 b6 13. Nd2 O-O 14. O-O-O Re8 15. f4 $14 {Nevednichy,V-Simic,R/Cetinje
(tt)/1993/1:0 (73)}) 11. Qxh6 f6 12. Nh2 (12. O-O-O Nf8 13. h4 Ne6 14. Qd2 O-O
$10) 12... Nf8 13. f4 exf4 14. Qxf4 Ne6 15. Qd2 (15. Qh6 Nd4 16. O-O-O Be6 17.
Rhf1 $14) 15... Nd4 16. O-O O-O $10 17. Nd1 (17. Nf3 Be6 18. Nxd4 cxd4 19. Ne2
c5 $10) 17... Bd7 18. Ne3 b6 19. c3 Ne6 20. Nhg4 (20. Neg4 $142 h5 21. Nf2 Rad8
22. Nf3 $13) 20... h5 21. Nh2 Rad8 22. Rad1 Bc8 23. h4 $6 (23. Nf3 Nf4 24. Qc2
f5 $15) 23... Qc7 24. Qf2 Ng7 {/\ f5} 25. Nf3 Bg4 $1 $15 26. d4 $6 (26. Rd2
$142) 26... Rde8 $1 27. dxc5 Rxe4 28. Rd6 (28. cxb6 Qxb6 29. Nxg4 hxg4 30. Nd2
Re2 $17) 28... Qe7 $1 29. Nxg4 hxg4 30. Nd2 Re2 31. Qf4 Nf5 32. Qxg4 $2 (32.
Rxc6 $2 Qd7 $19) (32. Rd3 Qxc5+ 33. Kh1 Re3 $17) 32... Nxd6 33. cxd6 Qe3+ 34.
Kh1 Rxd2 $19 35. Qxg6+ Kh8 36. Qh5+ Kg7 37. Qg4+ Kh7 38. Qf5+ Kh6 39. Rf3 Rd1+
40. Kh2 (40. Kh2 Qg1+ 41. Kh3 Qh1+ 42. Kg3 Rg8+ 43. Kf2 Qe1#) 0-1

[Event "Bermuda-A"]
[Site "Bermuda"]
[Date "2003.01.25"]
[Round "1"]
[White "Al Modiahki, Mohamad"]
[Black "Motylev, Alexander"]
[Result "0-1"]
[WhiteElo "2571"]
[BlackElo "2640"]
[Annotator "Gofshtein,L"]
[PlyCount "72"]
[EventDate "2003.01.25"]
[EventType "tourn"]
[EventRounds "11"]
[EventCountry "BER"]
[EventCategory "15"]
[SourceTitle "CBM 094"]
[Source "ChessBase"]
[SourceDate "2003.05.26"]
[SourceVersion "1"]
[SourceVersionDate "2003.05.26"]
[SourceQuality "1"]

1. e4 c5 2. Nf3 Nc6 3. Nc3 g6 4. Bb5 Bg7 5. O-O e5 6. Bc4 {White may choose
from a number of practical continuations.} (6. d3) (6. a3) (6. Bxc6) (6. Re1 $6
Nge7 7. Nd5 a6 8. Bf1 d6 $132 {0-1 Tuomainen,I-Marks,J/Warsaw 1979/EXT 2000 
(38)}) (6. Bxc6 dxc6 7. d3 Qe7 8. a4 b6 9. Nd2 Be6 10. b3 Nf6 11. Nc4 Nd7 12.
Be3 O-O 13. Qd2 Rad8 {1-0 Calvo Minguez,R-Rodriguez Vargas,O/Algarve 1975/EXT
2001 (34)}) (6. Nd5 Nge7 7. c3 O-O 8. Bc4 d6 $132 {1-0 Lombardy,W-Zaltsman,V/
Lone Pine 1981/MCL (45)}) (6. d3 Nge7 7. Be3 d6 8. Nd2 O-O 9. Bc4 a6 10. a4 h6
11. Nd5 Be6 12. Nxe7+ Qxe7 $132 {1/2-1/2 Fuchs,R-Matulovic,M/Sochi 1966/MCD 
(41)}) 6... Nf6 {As shown by tournament experience, 6...Nge7 also deserves
careful attention. In this case, the attack on 'f7': 7.Ng5 0-0 8.Qf3 is
repulsed by the sacrifice of the 'd' pawn: 8...d5 and black recovers with
sufficient counterplay.} (6... Nge7 $5 7. d3 (7. Ng5 O-O 8. Qf3 d5 9. exd5 Nd4
10. Qd1 h6 11. Nge4 b6 $44 12. d3 Bb7 $132 {0-1 Al Modiahki,M-Leko,P/Dubai
2002/CBM 89/[Postny] (55)} (12... Kh7 $5 13. f4 (13. d6 $142 Nef5 14. f4) 13...
f5 14. Ng3 Bb7 15. h4 exf4 16. Bxf4 Nxd5 17. Nxd5 Bxd5 $15 {0-1 Boidman,
Y-Sprenger,J/Bad Wildbad 2000/EXT 2001 (29)})) 7... O-O 8. Bg5 d6 9. Nd2 Kh8
10. Bxe7 Nxe7 11. Nd5 {0-1 De la Paz,F-Becerra Rivero,J/Santa Clara 1999/EXT
2003 (25)}) 7. d3 O-O 8. a3 {In this manner, white prepares a convenient
hideaway for his bishop and prepares an attack on the queenside starting with
b2-b4} d6 9. Rb1 a6 {Black, in turn, takes control of space on the queenside
and blocks white's chances of creating an attack.} 10. b4 b5 11. Ba2 cxb4 12.
axb4 Bg4 {[%cal Yc6d4] Black tries to occupy square 'b4'.} 13. h3 $6 {Simple
13.Be3 taking control of 'd4' deserves attention.} Bxf3 14. Qxf3 Nd4 15. Qd1
Rc8 16. Bd2 Nh5 $5 {[%cal Yh5f4,Yd4c2,Yc8c2] Black has grabbed the initiative
and tries to transfer his knight to a better position.} 17. Bb3 Nf4 18. Nd5 $5
{Whether he plays 18.Nd5 or 18.Bf4, white has a clear chance of equalizing the
position and deterring black's initiative.} (18. Bxf4 $5 exf4 19. Nd5 f3 20.
gxf3 Qg5+ 21. Kh1) 18... Nxd5 19. exd5 $5 (19. Bxd5 $5 Rxc2 20. Be3 $44) 19...
Nxb3 20. Rxb3 Qb6 {[%csl Ra6]} 21. c3 {Due to the black's weak pawn on 'a3',
black has difficulty accomplishing something which would enable him to create
any sort of strong play.} Qb7 {[%cal Rb7d5]} 22. Qf3 {[%cal Yf3d5]} f5 23. Ra3
{[%cal Ya3a6]} Rce8 24. Rfa1 Ra8 {Indecisiveness on the part of black. 24...e4
would have led to an equal game and had been planned by black} (24... e4 25.
Qg3 Be5 26. Bf4 Bxf4 27. Qxf4 Qxd5 28. d4 $44) 25. R1a2 Rfe8 26. c4 $5 {
Now, white has taken a small advantage.} e4 27. dxe4 fxe4 28. Qb3 bxc4 29. Qxc4
Rac8 30. Qb3 Bd4 $5 {Black is trying to compensate for his weakness on 'a6' by
bringing his bishop to the center.} 31. Rxa6 Rf8 {[%csl Rf2][%cal Yd4f2,Yf8f2]}
32. Be3 Rc3 $5 {Black has created enough of a countergame to compensate for
his lost pawn.} 33. Ra7 $2 {Simple 33Qb2 would have repulsed almost all
possible modes of attack.} (33. Qb2 $5 Qxd5 34. Bxd4 Qxd4 35. Rxd6) 33... Rxe3
34. Qxe3 Qxb4 35. Qe2 $2 {[%mdl 8192] Decisive mistake. 35.Qc1 retains
equilibrium.} (35. Qh6 Qe1+ 36. Kh2 Be5+) (35. Qc1 $5 Bxa7 36. Rxa7 Qd4 37. Qe3
$11 Qd1+ 38. Kh2 Qxd5 39. Re7 $11) 35... Rxf2 $1 36. Qxf2 Qe1+ $19 0-1